Indian police and vigilance in the 21st century (Record no. 401631)

000 -LEADER
fixed length control field 00466cam a22001577a 4500
008 - FIXED-LENGTH DATA ELEMENTS--GENERAL INFORMATION
fixed length control field 180718b2002 xxu||||| |||| 00| 0 eng d
020 ## - INTERNATIONAL STANDARD BOOK NUMBER
International Standard Book Number 8126111046
082 ## - DEWEY DECIMAL CLASSIFICATION NUMBER
Classification number N4x54 G959
100 ## - MAIN ENTRY--PERSONAL NAME
Personal name Gupta, K.N.
245 ## - TITLE STATEMENT
Title Indian police and vigilance in the 21st century
Statement of responsibility, etc. by K.N. Gupta
260 ## - PUBLICATION, DISTRIBUTION, ETC.
Place of publication, distribution, etc. Delhi
Name of publisher, distributor, etc. Anmol
Date of publication, distribution, etc. 2002
300 ## - PHYSICAL DESCRIPTION
Extent 374p.
650 ## - SUBJECT ADDED ENTRY--TOPICAL TERM
Topical term or geographic name entry element Police administration - India
650 ## - SUBJECT ADDED ENTRY--TOPICAL TERM
Topical term or geographic name entry element Police professionalization - India
650 ## - SUBJECT ADDED ENTRY--TOPICAL TERM
Topical term or geographic name entry element Police regulation - India
Holdings
Withdrawn status Lost status Damaged status Not for loan Permanent Location Current Location Date acquired Full call number Barcode Date last seen Price effective from Koha item type
        Indian Institute of Public Administration Indian Institute of Public Administration 2003-09-02 N4x54 G959 78839 2018-07-21 2018-07-21 Book

Powered by Koha